01482cam a2200385 a 450000100090000000300040000900500170001300800410003001000170007102000180008802000150010604000180012104200090013905000260014808200100017410000330018424500470021725000120026426000580027630000260033452100070036052600090036765000400037665000450041665000300046170000320049185600780052385600910060185600810069285601060077390600450087994200200092499900170094495201350096114055406OSt20140310184517.0050728s2006 nyua c 000 1 eng  a 2005021767 a9780545036146 a0545036143 aDLCcDLCdDLC alcac00aPZ 7b.P27565Hig 200700a[Fic]1 aPatron, Susan,d1948-92949514aThe higher power of Lucky /cSusan Patron. a1st ed. aNew York :bAtheneum Books for Young Readers,cc2007. a134 p. :bill. 23 cm. aG9 c1010 1aAbandoned childrenvFiction.929496 1aInterpersonal relationsvFiction.929497 1aRunawaysvFiction.9294981 aPhelan, Matt ,eill.929499413Table of contentsuhttp://www.loc.gov/catdir/toc/ecip0517/2005021767.html423Publisher descriptionuhttp://www.loc.gov/catdir/enhancements/fy0668/2005021767-d.html413Sample textuhttp://www.loc.gov/catdir/enhancements/fy0703/2005021767-s.html423Contributor biographical informationuhttp://www.loc.gov/catdir/enhancements/fy1107/2005021767-b.html a7bcbccorignewd1eecipf20gy-gencatlg 2lcccBK-SCHOLAS c34961d34961 00102lcc40aLUXbLUXcSCHOd2013-10-16l1m6oPZ 7 .P27565Hig 2007pSCHO0345r2018-04-26 00:00:00s2018-02-22t1w2013-10-16yBK